000 00709nam a2200289Ia 4500
005 20260324135909.0
008 008 260324s9999 xx 000 0 eng d
020 _a9781315010373
037 _aEBOOK
040 _aCRL
040 _beng
040 _cCRL
041 _2eng
041 _aeng
084 _qCRL
100 _a Marston, William M & King, C Daly & Marston, Elizabeth H
_91202335
245 0 _aIntegrative Psychology
245 2 _bA STUDY OF UNIT RESPONSE
260 _bTaylor and Francis
260 _c1999
365 _a
365 _b540
856 _uhttp://www.taylorfrancis.com/books/9781315010373
942 _cEBOOK
999 _c1803876
_d1803876